| 000 | 00782nam a2200193Ia 4500 | ||
|---|---|---|---|
| 003 | OSt | ||
| 005 | 20250502144110.0 | ||
| 008 | 191128t1980 ck er 000 f spa d | ||
| 040 |
_aCO-JMCR _cCO-JMCR |
||
| 041 | _aspa | ||
| 082 | 0 | 4 |
_aA-N _bSEGu |
| 100 | 1 |
_aSegal, Erich, _d1937-2010 _eautor _98141 |
|
| 245 | 1 | 0 |
_aUn hombre, una mujer, un hijo / _cErich Sega |
| 260 |
_aBogotá : _bCírculo de lectores, _c©1980 |
||
| 300 |
_a235 páginas ; _c20 cm. |
||
| 520 | _aMedio convencido de que se le convoca allí para notificarle la concesión de la Legión de Honor, Bob Beckwith acude ilusionadísimo al consulado francés en Boston. Lo que recibe, sin embargo, es una sorpresa como un mazazo: la noticia de que es padre. | ||
| 650 | 1 | 4 |
_aNovela estadounidense _98143 |
| 942 |
_2ddc _cBK |
||
| 999 |
_c3599 _d3599 |
||